Online Catalogue and eLibrary

Oru Koorvaalin Nilalil (Record no. 6046)

MARC details
000 -LEADER
fixed length control field 00428nam a22001457a 4500
005 - DATE AND TIME OF LATEST TRANSACTION
control field 20250509082031.0
008 - FIXED-LENGTH DATA ELEMENTS--GENERAL INFORMATION
fixed length control field 250509b |||||||| |||| 00| 0 eng d
082 ## - DDC Classification
DDC Edition Number 22
Class No. 894
Item Number - Author Mark ORU
100 ## - MAIN ENTRY--PERSONAL NAME
Personal name Jayakumaran, Thamilini
245 ## - TITLE STATEMENT
Title Oru Koorvaalin Nilalil
Remainder of title A memoir
260 ## - PUBLICATION, DISTRIBUTION, ETC.
Place of publication, distribution, etc. Kilinochchi
Name of publisher, distributor, etc. Sivakami Foundation
300 ## - PHYSICAL DESCRIPTION
Extent (e.g. Volumes, Pages etc.) 268 p .,
500 ## - GENERAL NOTE
General note Oru Koorvaalin Nilalil ( Sri lankan Edition) - Ninaivukk kurippukal
942 ## - Koha item type (Biblio)
Koha item type Books in Stacks (Lending)
Holdings
Lost status Damaged status Collection code Home library Current library Date acquired Full call number Accession Number Item type
    Lending WERC Library WERC Library 05/09/2025 894 ORU 6932 Books in Stacks (Lending)

© WERC Library